[Event "Barbera del Valles"]
[Site "XXIX Open"]
[Date "2006.07.07"]
[Round "3"]
[White "Rodriguez Pardo, Fernando"]
[Black "Vehi Bach, Victor"]
[Result "0-1"]
[WhiteElo "2165"]
[BlackElo "2345"]
[PlyCount "76"]
[EventDate "2006.07.05"]
[SourceDate "2006.07.06"]

1. d4 Nf6 2. Nf3 e6 3. g3 c5 4. c4 cxd4 5. Nxd4 d5 6. Bg2 e5 7. Nf3 d4 8. O-O
Nc6 9. e3 Bc5 10. exd4 exd4 11. Re1+ Be6 12. Ng5 O-O 13. Nxe6 fxe6 14. Rxe6 d3
15. Be3 Bd4 16. Nc3 Qd7 17. Bd5 Nxd5 18. cxd5 Bxc3 19. dxc6 Qxe6 20. cxb7 Rab8
21. bxc3 Qe4 22. Rb1 Rxb7 23. Rxb7 Qxb7 24. Qxd3 Rb8 25. c4 a5 26. Qd2 Qe4 27.
Qd5+ Qxd5 28. cxd5 Rd8 29. Kg2 Rxd5 30. Kf3 Kf7 31. Ke4 Ke6 32. Bd4 g6 33. h4
Rb5 34. Bc3 a4 35. Kd4 a3 36. Kc4 Rb2 37. Bd4 Rxa2 38. Kb3 Rd2 0-1

[Event "Barbera del Valles"]
[Site "XXIX Open"]
[Date "2006.07.07"]
[Round "3"]
[White "Gomez Jurado, Luis Alberto"]
[Black "Fabregas Fernandez, Bernat"]
[Result "1/2-1/2"]
[WhiteElo "2333"]
[BlackElo "2170"]
[PlyCount "92"]
[EventDate "2006.07.05"]
[SourceDate "2006.07.06"]

1. d4 Nf6 2. Nf3 g6 3. c4 Bg7 4. Nc3 d5 5. cxd5 Nxd5 6. e4 Nxc3 7. bxc3 O-O 8.
Be2 c5 9. Rb1 cxd4 10. cxd4 Qa5+ 11. Bd2 Qxa2 12. O-O Nc6 13. Bg5 e6 14. Qd3
Qa5 15. Rb5 Qa4 16. e5 a5 17. Qc3 h6 18. Ra1 Qxa1+ 19. Qxa1 hxg5 20. Nxg5 Rd8
21. Nf3 Bf8 22. h4 a4 23. h5 gxh5 24. Bc4 a3 25. Ba2 Ra4 26. Qd1 Rb4 27. Rxb4
Nxb4 28. Bb3 Be7 29. Qd2 Bd7 30. Qh6 Ra8 31. Ng5 Bxg5 32. Qxg5+ Kf8 33. Qxh5
Ra6 34. Qh6+ Ke7 35. Qd2 Nd5 36. f4 Bc6 37. g4 Nxf4 38. Qxf4 a2 39. Qf6+ Ke8
40. Bxa2 Rxa2 41. g5 Bd5 42. Kf1 Rg2 43. Qh8+ Ke7 44. Qh4 Ke8 45. Ke1 Ra2 46.
Qh8+ Ke7 1/2-1/2

[Event "Barbera del Valles"]
[Site "XXIX Open"]
[Date "2006.07.07"]
[Round "3"]
[White "Severri Arrese, Carlos"]
[Black "Perpinya Rofes, Lluis Maria"]
[Result "0-1"]
[WhiteElo "2069"]
[BlackElo "2333"]
[PlyCount "92"]
[EventDate "2006.07.05"]
[SourceDate "2006.07.06"]

1. e4 c5 2. b3 Nc6 3. Bb2 d6 4. Nc3 Nf6 5. Bb5 Bd7 6. Nf3 e6 7. O-O Be7 8. Bxc6
Bxc6 9. e5 Ng4 10. Re1 Nxe5 11. Nxe5 dxe5 12. Rxe5 b6 13. Qe2 Qd7 14. Re3 Bf6
15. a4 O-O 16. Re1 Rad8 17. Rd3 Qc7 18. Rg3 Qf4 19. d3 Qf5 20. Nd1 Bxb2 21.
Nxb2 a6 22. Nc4 b5 23. axb5 axb5 24. Ne5 Bb7 25. Ng4 Qf4 26. Qe3 Qxe3 27. fxe3
$11 Ra8 28. e4 Ra2 29. Rc1 Rc8 30. Ne3 f6 31. Kf1 Kf7 32. Rh3 h6 33. Ke1 Ba6
34. Nd1 c4 35. bxc4 bxc4 36. Nc3 Rb2 37. d4 Rd8 38. d5 Bb7 39. dxe6+ Kxe6 40.
Rh5 Rd4 41. Rc5 Bxe4 42. Nb5 Rd7 43. Rxc4 Bxg2 44. Ra1 Rxb5 45. Rg4 Rg5 46.
Ra6+ Kf7 0-1

[Event "Barbera del Valles"]
[Site "XXIX Open"]
[Date "2006.07.07"]
[Round "3"]
[White "Cruz, Cristhian"]
[Black "Moreto Quintana, Alex"]
[Result "1-0"]
[WhiteElo "2284"]
[BlackElo "2138"]
[PlyCount "93"]
[EventDate "2006.07.05"]
[SourceDate "2006.07.06"]

1. d4 f5 2. g3 Nf6 3. Bg2 e6 4. c4 d5 5. Nh3 c6 6. O-O Bd6 7. Bf4 Be7 8. Bxb8
Rxb8 9. Nd2 O-O 10. Nf3 Ne4 11. c5 Bf6 12. Nf4 b6 13. b4 bxc5 14. bxc5 g5 15.
Nd3 Ba6 16. Nfe5 Qc7 17. Qc2 g4 18. Rfe1 Bxd3 19. exd3 Bxe5 20. dxe5 Ng5 21.
Qd2 h6 22. h4 gxh3 23. f4 hxg2 24. fxg5 hxg5 25. Qxg5+ Qg7 26. Qxg7+ Kxg7 27.
Rab1 d4 28. Kxg2 Rb5 29. Rxb5 cxb5 30. c6 Rc8 31. Rc1 Kf7 32. Kf3 Ke7 33. Rc5
a6 34. Kf4 Rg8 35. a4 bxa4 36. Ra5 Kd8 37. Rxa4 Kc7 38. Rxa6 Rd8 39. Kg5 Rg8+
40. Kf6 Rxg3 41. Kxe6 f4 42. Kd5 f3 43. Ra7+ Kb6 44. Rb7+ Ka6 45. Kxd4 Rg6 46.
Rf7 Rxc6 47. Rxf3 1-0

[Event "Barbera del Valles"]
[Site "XXIX Open"]
[Date "2006.07.07"]
[Round "3"]
[White "Macaya Ruiz, Alfons"]
[Black "Sanchez Romero, Miguel Angel"]
[Result "0-1"]
[WhiteElo "2051"]
[BlackElo "2208"]
[PlyCount "81"]
[EventDate "2006.07.05"]
[SourceDate "2006.07.06"]

1. d4 Nf6 2. c4 g6 3. Nc3 Bg7 4. e4 d6 5. f4 O-O 6. Bd3 e5 7. fxe5 dxe5 8. d5
Nh5 9. Nf3 c6 10. Be3 Nf4 11. O-O Nd7 12. Kh1 h6 13. Qd2 cxd5 14. cxd5 Nxd3 15.
Qxd3 f5 16. Rfd1 Nf6 17. Rac1 fxe4 18. Nxe4 Nxe4 19. Qxe4 Bf5 20. Qh4 e4 21.
Qxd8 Rfxd8 22. Nd4 Rxd5 23. Nxf5 Rxd1+ 24. Rxd1 gxf5 25. Rd7 b6 26. Bd4 Bxd4
27. Rxd4 Kf7 28. g4 Ke6 29. gxf5+ Kxf5 30. Kg2 Kf4 31. Rd2 Rg8+ 32. Kf1 Kf3 33.
Rf2+ Ke3 34. Rf6 Rc8 35. Rxh6 Rc1+ 36. Kg2 Rc2+ 37. Kg1 Rxb2 38. Rh3+ Kf4 39.
Ra3 a5 40. h4 e3 41. Ra4+ {Tiempo/Time} 0-1

[Event "Barbera del Valles"]
[Site "XXIX Open"]
[Date "2006.07.07"]
[Round "3"]
[White "Ridameya Tatche, Josep"]
[Black "Lux, Gregory"]
[Result "1/2-1/2"]
[WhiteElo "2204"]
[BlackElo "2082"]
[PlyCount "55"]
[EventDate "2006.07.05"]
[SourceDate "2006.07.06"]

1. e4 g6 2. d4 Bg7 3. Bc4 c5 4. d5 d6 5. Nf3 Nd7 6. O-O Rb8 7. a4 a6 8. c3 b5
9. axb5 axb5 10. Bd3 Ngf6 11. h3 c4 12. Bc2 Nc5 13. Re1 O-O 14. Bf4 Bb7 15. Na3
Re8 16. Qd2 Ba8 17. Nd4 Qd7 18. Bh6 Bh8 19. Rad1 e5 20. Nf3 Nh5 21. g4 Ng7 22.
Kh2 Bb7 23. Rg1 Bc8 24. Rg3 f6 25. Rdg1 Kf7 26. Nh4 Rg8 27. Qe3 Ne8 28. Qd2
1/2-1/2

[Event "Barbera del Valles"]
[Site "XXIX Open"]
[Date "2006.07.07"]
[Round "3"]
[White "Martinez Balaguer, Josep"]
[Black "Losada Cabrera, Francisco Javier"]
[Result "0-1"]
[WhiteElo "1937"]
[BlackElo "2195"]
[PlyCount "56"]
[EventDate "2006.07.05"]
[SourceDate "2006.07.06"]

1. c4 e5 2. Nc3 Nf6 3. Nf3 d6 4. d4 Nbd7 5. dxe5 dxe5 6. g3 Bc5 7. Bg2 O-O 8.
O-O c6 9. b3 Qe7 10. Bb2 Re8 11. Qc2 Nf8 12. Rad1 Bg4 13. Ng5 Bh5 14. Nge4 Bg6
15. Qc1 Bb4 16. Nxf6+ Qxf6 17. Ne4 Qe6 18. c5 Bxe4 19. Bxe4 Rad8 20. a3 Ba5 21.
b4 Bc7 22. Qc2 g6 23. Kg2 Qe7 24. a4 Ne6 25. e3 Ng5 26. Bd3 Qe6 27. f4 exf4 28.
exf4 Qd5+ 0-1

[Event "Barbera del Valles"]
[Site "XXIX Open"]
[Date "2006.07.07"]
[Round "3"]
[White "Carbonell Bofill, Carlos Eloy"]
[Black "Frances Cuscullola, Oriol"]
[Result "1-0"]
[WhiteElo "2175"]
[BlackElo "2009"]
[PlyCount "67"]
[EventDate "2006.07.05"]
[SourceDate "2006.07.06"]

1. Nf3 Nf6 2. b4 d5 3. Bb2 Bf5 4. Ne5 e6 5. a3 c5 6. bxc5 Bxc5 7. e3 Qb6 8. Ra2
Nc6 9. g4 Be4 10. f3 Nxe5 11. fxe4 d4 12. exd4 Bxd4 13. c3 Bf2+ 14. Ke2 Nexg4
15. h3 Nh6 16. Qa4+ Ke7 17. d4 Bh4 18. Nd2 Nh5 19. Rg1 f5 20. Bc1 Ng3+ 21. Kd1
fxe4 22. Rb2 Qc6 23. Qb4+ Kf6 24. Nc4 Nhf5 25. Ne5 Qe8 26. Ng4+ Kg6 27. Bb5 Qf8
28. Ne5+ Kh5 29. Qc4 g5 30. Bd7 Ng7 31. Bxe6 Nxe6 32. Qxe6 Nf5 33. Rxb7 Re8 34.
Rxh7+ 1-0

[Event "Barbera del Valles"]
[Site "XXIX Open"]
[Date "2006.07.07"]
[Round "3"]
[White "Chalmeta Ugas, Ramon"]
[Black "Sanchez Jerez, Emilio"]
[Result "1/2-1/2"]
[WhiteElo "2167"]
[BlackElo "2062"]
[PlyCount "75"]
[EventDate "2006.07.05"]
[SourceDate "2006.07.06"]

1. e4 e5 2. Nf3 Nc6 3. d4 exd4 4. Nxd4 Nf6 5. Nxc6 bxc6 6. e5 Qe7 7. Qe2 Nd5 8.
h4 d6 9. c4 Nb6 10. exd6 cxd6 11. Nc3 Be6 12. b3 Nd7 13. Ba3 Qd8 14. g3 Qa5 15.
Bb2 d5 16. Bh3 Bb4 17. Bxe6 Bxc3+ 18. Kf1 fxe6 19. Qxe6+ Kd8 20. cxd5 Bxb2 21.
dxc6 Qd2 22. Rb1 Nc5 23. Qf7 Bd4 24. b4 Qxf2+ 25. Qxf2 Bxf2 26. Kxf2 Ne4+ 27.
Kg2 Kc7 28. b5 Rhf8 29. Rhf1 Rae8 30. Rb2 Nc3 31. Rc1 Re3 32. Rd2 Rxg3+ 33. Kh2
Rff3 34. Rd7+ Kc8 35. Re1 Rh3+ 36. Kg2 Rhg3+ 37. Kh2 Rh3+ 38. Kg2 1/2-1/2

[Event "Barbera del Valles"]
[Site "XXIX Open"]
[Date "2006.07.07"]
[Round "3"]
[White "Rafols Albet, Josep"]
[Black "Lazaro Porta, Angel"]
[Result "1/2-1/2"]
[WhiteElo "2072"]
[BlackElo "2151"]
[PlyCount "139"]
[EventDate "2006.07.05"]
[SourceDate "2006.07.06"]

1. b3 e5 2. Bb2 Nc6 3. e3 Nf6 4. Bb5 Bd6 5. Nc3 O-O 6. Nh3 Re8 7. Bc4 Na5 8.
Bd3 Bf8 9. Ne4 d5 10. Nxf6+ Qxf6 11. Nf4 Qd6 12. Nh5 g6 13. Ng3 Bg7 14. O-O Nc6
15. f4 exf4 16. Bxg7 Kxg7 17. Rxf4 Ne5 18. Qf1 Be6 19. Be2 Rf8 20. Qf2 f5 21.
h3 Rf7 22. Rf1 Raf8 23. Rh4 Nd7 24. Bd3 Nc5 25. Ne2 Nxd3 26. cxd3 g5 27. Ra4 a6
28. Qg3 Qxg3 29. Nxg3 Kg6 30. Rc1 c6 31. Rb4 h5 32. Ne2 Bc8 33. g3 Rh8 34. h4
f4 35. gxf4 Bg4 36. Ng3 gxh4 37. Nh1 Bc8 38. Nf2 Rg7 39. Kh2 Kf6 40. Rg1 Rxg1
41. Kxg1 Rg8+ 42. Kh2 Rg3 43. f5 Rf3 44. Kg2 Rxf5 45. Rxh4 Rg5+ 46. Kf3 Kg6 47.
Rf4 Bf5 48. a4 Rg1 49. a5 Rb1 50. Rb4 Bc8 51. e4 Ra1 52. exd5 cxd5 53. Rb6+ Kg5
54. b4 Re1 55. Rd6 Re5 56. Rd8 Be6 57. Rb8 Rf5+ 58. Kg3 h4+ 59. Kg2 Rf7 60. Rh8
Rg7 $11 61. Kf3 Rg6 62. Rh7 Bc8 63. Rc7 Rg8 64. Rc5 Rf8+ 65. Kg2 Be6 66. Ne4+
Kg4 67. Nf2+ Kf4 68. Nh3+ Kg4 69. Rc7 Rf7 70. Nf2+ 1/2-1/2

[Event "Barbera del Valles"]
[Site "XXIX Open"]
[Date "2006.07.07"]
[Round "3"]
[White "Alonso Rosell, Alvar"]
[Black "Del Valle Cirera, Adria"]
[Result "1-0"]
[WhiteElo "2196"]
[BlackElo "1964"]
[PlyCount "51"]
[EventDate "2006.07.05"]
[SourceDate "2006.07.06"]

1. d4 d5 2. c4 e6 3. Nc3 Nf6 4. cxd5 exd5 5. Bg5 c6 6. Qc2 Be7 7. e3 O-O 8. Bd3
Nbd7 9. Nge2 Re8 10. f3 h6 11. Bh4 Nf8 12. O-O Bd6 13. Bf2 Qc7 14. h3 Nh5 15.
e4 dxe4 16. fxe4 Ne6 17. e5 Be7 18. Be3 Bg5 19. Bxg5 hxg5 20. Bh7+ Kh8 21. Bf5
Nhf4 22. Bxe6 Nxe2+ 23. Qxe2 Bxe6 24. Qh5+ Kg8 25. Ne4 Qb6 26. Rad1 1-0

[Event "Barbera del Valles"]
[Site "XXIX Open"]
[Date "2006.07.07"]
[Round "3"]
[White "Pascual Sauch, Angel"]
[Black "Molinero Martin, Joan"]
[Result "1-0"]
[WhiteElo "2167"]
[BlackElo "2103"]
[PlyCount "80"]
[EventDate "2006.07.05"]
[SourceDate "2006.07.06"]

1. e4 c6 2. d4 d5 3. Nc3 dxe4 4. Nxe4 e5 5. dxe5 Qa5+ 6. Bd2 Qxe5 7. Qe2 Bf5 8.
f3 Bxe4 9. Bc3 Qe6 10. Qxe4 Qxe4+ 11. fxe4 Nd7 12. O-O-O Ngf6 13. Nf3 Be7 14.
Bc4 Nb6 15. Bd3 O-O 16. Nd4 Ng4 17. Nf5 Bg5+ 18. Kb1 g6 19. h4 Bd8 20. Nd6 Nf2
21. h5 Nxd1 22. Rxd1 Be7 23. hxg6 hxg6 24. Rh1 f6 25. Nxb7 Na4 26. Bd2 Rab8 27.
Bc4+ Rf7 28. Bxf7+ Kxf7 29. Rh7+ Ke6 30. Na5 Rxb2+ 31. Kc1 Rxa2 32. Nb3 c5 33.
Kd1 Nb2+ 34. Ke2 Nc4 35. Kd3 Na3 36. c4 Nb1 37. Be3 Ra3 38. Kc2 a5 39. Bxc5
Bxc5 40. Nxc5+ Kd6 1-0

[Event "Barbera del Valles"]
[Site "XXIX Open"]
[Date "2006.07.07"]
[Round "3"]
[White "Fernandez Gonzalez, Julio Honor"]
[Black "Ruiz Manchon, Francesc Xavier"]
[Result "0-1"]
[WhiteElo "2079"]
[BlackElo "2152"]
[PlyCount "54"]
[EventDate "2006.07.05"]
[SourceDate "2006.07.06"]

1. d4 Nf6 2. Nf3 c5 3. e3 d5 4. c3 Nc6 5. Nbd2 Bf5 6. Bb5 a6 7. Bxc6+ bxc6 8.
dxc5 Qc7 9. Nd4 Bd7 10. b4 e5 11. N4b3 Be7 12. Bb2 O-O 13. Qc2 g6 14. c4 Rfe8
15. O-O Bf5 16. Qc3 Bf8 17. f4 Bg7 18. fxe5 Ng4 19. cxd5 Bxe5 20. d6 Bxc3 21.
dxc7 Bxb2 22. Rab1 Bxb1 23. Rxb1 Be5 24. Nc4 Bxh2+ 25. Kh1 Bxc7 26. Nd4 Nxe3
27. Nd6 Bxd6 0-1

[Event "Barbera del Valles"]
[Site "XXIX Open"]
[Date "2006.07.07"]
[Round "3"]
[White "Campo Echevarria, Juan Francisco"]
[Black "Barbero Sendic, Alejandro"]
[Result "1/2-1/2"]
[WhiteElo "2133"]
[BlackElo "2019"]
[PlyCount "58"]
[EventDate "2006.07.05"]
[SourceDate "2006.07.06"]

1. e4 e6 2. d4 d5 3. Nd2 c5 4. exd5 Qxd5 5. Ngf3 cxd4 6. Bc4 Qd6 7. O-O Nf6 8.
Nb3 Nc6 9. Nbxd4 Nxd4 10. Qxd4 Bd7 11. Bf4 Qxd4 12. Nxd4 a6 13. Be2 Nd5 14. Bg3
Bc5 15. Nb3 Ba7 16. c4 Ne7 17. Na5 Bc6 18. Nxc6 Nxc6 19. Bf3 Bb8 20. Bxc6+ bxc6
21. Rad1 Bxg3 22. fxg3 Ke7 23. Rd3 Rab8 24. b3 Rhd8 25. Rfd1 Rxd3 26. Rxd3 a5
27. Kf2 c5 28. Ke3 Rd8 29. Rxd8 Kxd8 1/2-1/2

[Event "Barbera del Valles"]
[Site "XXIX Open"]
[Date "2006.07.08"]
[Round "4"]
[White "Narciso Dublan, Marc"]
[Black "Rustemov, Alexander"]
[Result "1/2-1/2"]
[WhiteElo "2467"]
[BlackElo "2565"]
[PlyCount "61"]
[EventDate "2006.07.05"]
[SourceDate "2006.07.06"]

1. e4 e6 2. d3 d5 3. Nd2 c5 4. Ngf3 Nc6 5. g3 g6 6. Bg2 Bg7 7. O-O Nge7 8. Re1
h6 9. exd5 exd5 10. Nb3 b6 11. d4 c4 12. Nbd2 Bg4 13. h3 Be6 14. Ne5 Nxe5 15.
dxe5 O-O 16. Nf3 Qd7 17. Kh2 Nc6 18. Nd4 Nxd4 19. Qxd4 Rae8 20. c3 f6 21. Bf4
g5 22. exf6 Rxf6 23. Bxd5 Qf7 24. Rxe6 Rexe6 25. Be5 Rxf2+ 26. Kg1 Re2 27. Bxg7
Re1+ 28. Rxe1 Rxe1+ 29. Kg2 Re2+ 30. Kg1 Re1+ 31. Kg2 1/2-1/2

[Event "Barbera del Valles"]
[Site "XXIX Open"]
[Date "2006.07.08"]
[Round "4"]
[White "Teske, Henrik"]
[Black "Cuartas, Jaime Alexander"]
[Result "1-0"]
[WhiteElo "2510"]
[BlackElo "2466"]
[PlyCount "55"]
[EventDate "2006.07.05"]
[SourceDate "2006.07.06"]

1. e4 c6 2. d4 d5 3. Nd2 dxe4 4. Nxe4 Nd7 5. Bd3 Ngf6 6. Ng5 e6 7. N1f3 Bd6 8.
Qe2 h6 9. Ne4 Nxe4 10. Qxe4 Qc7 11. Qg4 Kf8 12. O-O c5 13. dxc5 Nxc5 14. Be3
Nxd3 15. cxd3 e5 16. Qe4 Bd7 17. Rac1 Bc6 18. Qf5 Qe7 19. Rfe1 Kg8 20. Nd2 a6
21. Nc4 Re8 22. Bf4 f6 23. d4 Bb4 24. Re3 b5 25. Nxe5 fxe5 26. Rxc6 Rf8 27.
Qxe5 Qf7 28. Rc7 1-0

[Event "Barbera del Valles"]
[Site "XXIX Open"]
[Date "2006.07.08"]
[Round "4"]
[White "De la Paz, Frank"]
[Black "Gonzalez, Yuri"]
[Result "1/2-1/2"]
[WhiteElo "2442"]
[BlackElo "2491"]
[PlyCount "41"]
[EventDate "2006.07.05"]
[SourceDate "2006.07.06"]

1. e4 c6 2. d4 d5 3. Nc3 dxe4 4. Nxe4 Bf5 5. Ng3 Bg6 6. h4 h6 7. Nf3 Nd7 8. h5
Bh7 9. Bd3 Bxd3 10. Qxd3 e6 11. Bd2 Ngf6 12. O-O-O Be7 13. Qe2 O-O 14. Rhe1 Qc7
15. Ne5 c5 16. Nxd7 Qxd7 17. dxc5 Qd5 18. Kb1 Qxc5 19. Bc3 Rfd8 20. Bxf6 Bxf6
21. Ne4 1/2-1/2

[Event "Barbera del Valles"]
[Site "XXIX Open"]
[Date "2006.07.08"]
[Round "4"]
[White "Lopez Martinez, Jose Manuel"]
[Black "Torao Compte, Victor"]
[Result "1-0"]
[WhiteElo "2480"]
[BlackElo "2011"]
[PlyCount "71"]
[EventDate "2006.07.05"]
[SourceDate "2006.07.06"]

1. Nf3 d5 2. d4 c6 3. c4 e6 4. Bg5 Be7 5. Bxe7 Qxe7 6. Qc2 Nd7 7. e3 Ngf6 8.
Nc3 dxc4 9. Bxc4 e5 10. O-O O-O 11. Bb3 exd4 12. exd4 Nb6 13. Rfe1 Qd6 14. Ne4
Nxe4 15. Qxe4 Nd5 16. Bxd5 cxd5 17. Qe7 Qb6 18. b3 Bg4 19. Ne5 Be6 20. Qh4 Rac8
21. Qf4 h6 22. h4 Rc2 23. Re3 Rfc8 24. Rg3 Kh8 25. Re1 Qa5 26. Nxf7+ Bxf7 27.
Re7 Qd2 28. Qxf7 Rc1+ 29. Kh2 Qxd4 30. Qxg7+ Qxg7 31. Rgxg7 Rd8 32. Rh7+ Kg8
33. Reg7+ Kf8 34. Rxb7 Kg8 35. Rbg7+ Kf8 36. Rxa7 1-0

[Event "Barbera del Valles"]
[Site "XXIX Open"]
[Date "2006.07.08"]
[Round "4"]
[White "Porras Mateo, Felipe"]
[Black "Almeida, Omar"]
[Result "0-1"]
[WhiteElo "2025"]
[BlackElo "2475"]
[PlyCount "76"]
[EventDate "2006.07.05"]
[SourceDate "2006.07.06"]

1. c4 c5 2. Nc3 Nc6 3. g3 g6 4. Bg2 Bg7 5. d3 d6 6. e4 e6 7. Nge2 Nge7 8. O-O
O-O 9. a3 b6 10. Rb1 Bb7 11. b4 Qd7 12. f4 Nd4 13. Kh1 f5 14. Bb2 Rac8 15. Nxd4
cxd4 16. Nb5 fxe4 17. Nxd4 e5 18. Nc2 exd3 19. Qxd3 Bxg2+ 20. Kxg2 Qc6+ 21. Kg1
Qxc4 22. Qxc4+ Rxc4 23. Ne3 Re4 24. Ng2 Nc6 25. Rbc1 Nd4 26. Bxd4 Rxd4 27. Rfd1
exf4 28. Nxf4 Re8 29. h4 Rxd1+ 30. Rxd1 Be5 31. Nd5 Kg7 32. Rc1 Bxg3 33. Rc7+
Kh6 34. h5 Re5 35. Nf6 Kg5 36. Nxh7+ Kxh5 37. Kg2 Bh4 38. Rxa7 Re7 0-1

[Event "Barbera del Valles"]
[Site "XXIX Open"]
[Date "2006.07.08"]
[Round "4"]
[White "Cruz, Filemon"]
[Black "Epishin, Vladimir"]
[Result "0-1"]
[WhiteElo "2397"]
[BlackElo "2555"]
[PlyCount "113"]
[EventDate "2006.07.05"]
[SourceDate "2006.07.06"]

1. d4 c5 2. d5 f5 3. Nc3 Nf6 4. g3 g6 5. Bg2 Bg7 6. Nf3 O-O 7. O-O d6 8. Nd2
Na6 9. Nc4 Nc7 10. a4 b6 11. Bf4 Ba6 12. Na3 Qe8 13. Qd2 Rd8 14. Nab5 Bxb5 15.
Nxb5 Nxb5 16. axb5 Qxb5 17. Rxa7 Rd7 18. Ra2 Qc4 19. b3 Qd4 20. Ra6 Qxd2 21.
Bxd2 b5 22. Re1 b4 23. e4 Nxe4 24. Bxe4 fxe4 25. Rxe4 Rf5 26. Rf4 Kf7 27. Kg2
Rxf4 28. Bxf4 Rc7 29. Bd2 Bd4 30. f4 c4 31. Rc6 cxb3 32. cxb3 Ra7 33. Rc4 Bc5
34. Bxb4 Ra2+ 35. Kf3 Bxb4 36. Rxb4 Rxh2 37. Rd4 h5 38. Rd3 h4 39. gxh4 Rxh4
40. Ke4 g5 41. Kf5 Rxf4+ 42. Kxg5 Rf1 43. Rd4 Ke8 44. Rb4 Kd8 45. Rd4 Kc7 46.
Re4 Kd7 47. Rd4 e5 48. dxe6+ Kxe6 49. Re4+ Kd5 50. Re2 Rd1 51. Kf4 Kd4 52. Re4+
Kc3 53. Rc4+ Kd3 54. Kf5 d5 55. Rh4 d4 56. Ke5 Kc3 57. Rh8 {Tiempo/Time} 0-1

[Event "Barbera del Valles"]
[Site "XXIX Open"]
[Date "2006.07.08"]
[Round "4"]
[White "Vehi Bach, Victor"]
[Black "Alonso Moyano, Jonathan"]
[Result "1/2-1/2"]
[WhiteElo "2345"]
[BlackElo "2372"]
[PlyCount "78"]
[EventDate "2006.07.05"]
[SourceDate "2006.07.06"]

1. e4 c5 2. Nf3 d6 3. d4 Nf6 4. Nc3 cxd4 5. Nxd4 g6 6. Be3 Bg7 7. f3 Nc6 8. Qd2
O-O 9. Bc4 Bd7 10. O-O-O Rc8 11. Bb3 Ne5 12. Kb1 Re8 13. h4 h5 14. Bh6 Qa5 15.
g4 Rxc3 16. Bxg7 Kxg7 17. bxc3 Rc8 18. gxh5 Nxh5 19. Rhg1 Qxc3 20. Qxc3 Rxc3
21. Kb2 Rc8 22. Rdf1 Nf4 23. Rg3 Rh8 24. Rh1 f6 25. Kc3 Nc6 26. Rh2 Nxd4 27.
Kxd4 g5 28. Ke3 Ng6 29. h5 Nf4 30. Rg1 Rxh5 31. Rxh5 Nxh5 32. Bd5 b6 33. Rb1 e6
34. Bc4 Nf4 35. a4 Bxa4 36. Ra1 Bxc2 37. Rxa7+ Kg6 38. Ra2 d5 39. Rxc2 dxc4
1/2-1/2

[Event "Barbera del Valles"]
[Site "XXIX Open"]
[Date "2006.07.08"]
[Round "4"]
[White "Asis Gargatagli, Hipolit"]
[Black "Cruz, Cristhian"]
[Result "1/2-1/2"]
[WhiteElo "2371"]
[BlackElo "2284"]
[PlyCount "56"]
[EventDate "2006.07.05"]
[SourceDate "2006.07.06"]

1. d4 Nf6 2. c4 e6 3. Nc3 Bb4 4. Qc2 c5 5. dxc5 Bxc5 6. Nf3 a6 7. Bg5 Be7 8. e3
d6 9. Be2 Nbd7 10. O-O b6 11. Rad1 Bb7 12. Nd2 Qc7 13. Nde4 O-O 14. Nxf6+ Nxf6
15. Rd2 Rac8 16. Rfd1 d5 17. cxd5 Nxd5 18. Nxd5 Bxd5 19. Qxc7 Rxc7 20. Bxe7
Rxe7 21. b3 b5 22. f3 f5 23. Rc1 Kf7 24. Kf2 Rb8 25. h4 Rbb7 26. g3 Rec7 27.
Rdc2 Rxc2 28. Rxc2 e5 1/2-1/2

[Event "Barbera del Valles"]
[Site "XXIX Open"]
[Date "2006.07.08"]
[Round "4"]
[White "Perpinya Rofes, Lluis Maria"]
[Black "Vilela, Jose Luis"]
[Result "1/2-1/2"]
[WhiteElo "2333"]
[BlackElo "2355"]
[PlyCount "81"]
[EventDate "2006.07.05"]
[SourceDate "2006.07.06"]

1. e4 c5 2. Nf3 e6 3. d4 cxd4 4. Nxd4 a6 5. Nc3 b5 6. Bd3 d6 7. O-O Nf6 8. f4
Bb7 9. Qe2 Nbd7 10. Bd2 Qb6 11. Be3 Qc7 12. a3 Be7 13. Kh1 O-O 14. Rae1 Nc5 15.
Bd2 Rfd8 16. b4 Nxd3 17. cxd3 Rac8 18. Rc1 Qd7 19. Nb3 e5 20. Be3 Ba8 21. d4
Nxe4 22. Nxe4 Bxe4 23. dxe5 Bd5 24. exd6 Bxd6 25. Rxc8 Rxc8 26. Nc5 Bxc5 27.
Bxc5 Re8 28. Qd1 Qf5 29. Re1 Rxe1+ 30. Qxe1 h5 31. Qe8+ Kh7 32. Qe5 Kg6 33.
Qxf5+ Kxf5 34. Bf8 g6 35. Bd6 Ke4 36. Kg1 Kd3 37. Kf2 Kc3 38. g3 Kb3 39. Bc7
Kxa3 40. Ba5 Kb3 41. Ke3 1/2-1/2

[Event "Barbera del Valles"]
[Site "XXIX Open"]
[Date "2006.07.08"]
[Round "4"]
[White "Losada Cabrera, Francisco Javier"]
[Black "Gomez Jurado, Luis Alberto"]
[Result "0-1"]
[WhiteElo "2195"]
[BlackElo "2333"]
[PlyCount "72"]
[EventDate "2006.07.05"]
[SourceDate "2006.07.06"]

1. e4 c5 2. Nf3 Nc6 3. d4 cxd4 4. Nxd4 Nf6 5. Nc3 e5 6. Ndb5 d6 7. Bg5 a6 8.
Na3 b5 9. Nd5 Be7 10. Bxf6 Bxf6 11. c3 Ne7 12. Be2 Bb7 13. O-O Nxd5 14. exd5
O-O 15. c4 b4 16. Nc2 a5 17. Ne3 g6 18. Qc2 Qb6 19. Bd3 Bg7 20. g4 Bh6 21. Rae1
Qd4 22. Be4 Bc8 23. h3 Ra7 24. Kh1 Kh8 25. Re2 a4 26. b3 axb3 27. axb3 Bd7 28.
Rg1 Rfa8 29. Rd1 Ra1 30. Rxa1 Qxa1+ 31. Kg2 Bxe3 32. Rxe3 Ra2 33. Qd3 Qc1 34.
Rf3 Ra1 35. Rxf7 Qh1+ 36. Kg3 Rg1+ 0-1

[Event "Barbera del Valles"]
[Site "XXIX Open"]
[Date "2006.07.08"]
[Round "4"]
[White "Berrocal Farina, Jorge"]
[Black "Carbonell Bofill, Carlos Eloy"]
[Result "0-1"]
[WhiteElo "2317"]
[BlackElo "2175"]
[PlyCount "62"]
[EventDate "2006.07.05"]
[SourceDate "2006.07.06"]

1. e4 e6 2. d4 d5 3. Nc3 Nf6 4. e5 Nfd7 5. f4 c5 6. Nf3 Nc6 7. Be3 Qb6 8. Na4
Qa5+ 9. c3 c4 10. b4 Qa6 11. a3 b5 12. Nc5 Qb6 13. g3 a5 14. Bh3 g6 15. O-O Be7
16. Qb1 Kd8 17. g4 axb4 18. cxb4 Nxc5 19. dxc5 Qb7 20. f5 gxf5 21. gxf5 Rg8+
22. Kf2 exf5 23. Rg1 Rxg1 24. Qxg1 Be6 25. Bf4 d4 26. Qg8+ Kc7 27. Qxh7 Nxb4
28. axb4 Rxa1 29. Bxf5 Rf1+ 30. Kxf1 Qxf3+ 31. Ke1 Qxf4 0-1

[Event "Barbera del Valles"]
[Site "XXIX Open"]
[Date "2006.07.08"]
[Round "4"]
[White "Garcia Jimenez, Francisco Javier"]
[Black "Chalmeta Ugas, Jordi"]
[Result "1-0"]
[WhiteElo "2270"]
[BlackElo "2093"]
[PlyCount "53"]
[EventDate "2006.07.05"]
[SourceDate "2006.07.06"]

1. e4 e6 2. d3 d5 3. Qe2 c5 4. g3 dxe4 5. dxe4 Nc6 6. Nf3 Nf6 7. Bg2 Be7 8. O-O
O-O 9. Rd1 Qc7 10. Nc3 a6 11. e5 Nd7 12. Bf4 b5 13. Ne4 Qa7 14. Nd6 Rb8 15. Qe4
Nb4 16. Ng5 Bxg5 17. Bxg5 Nd5 18. Qe2 N7b6 19. Be4 f6 20. exf6 gxf6 21. Bh6 Rd8
22. Qg4+ Kh8 23. Qh5 Kg8 24. Ne8 Qe7 25. Qg4+ Kf7 26. Qh5+ Kg8 27. Bxh7+ 1-0

[Event "Barbera del Valles"]
[Site "XXIX Open"]
[Date "2006.07.08"]
[Round "4"]
[White "Lux, Gregory"]
[Black "Asensio Linan, Teodoro"]
[Result "0-1"]
[WhiteElo "2082"]
[BlackElo "2244"]
[PlyCount "48"]
[EventDate "2006.07.05"]
[SourceDate "2006.07.06"]

1. e4 e5 2. Nf3 Nc6 3. d4 exd4 4. Bc4 Bc5 5. O-O d6 6. c3 Bg4 7. Qb3 Bxf3 8.
Bxf7+ Kf8 9. Bxg8 Rxg8 10. gxf3 g5 11. Qe6 Rg6 12. Qh3 Kg7 13. Kh1 Ne5 14. f4
gxf4 15. Bxf4 Qf6 16. Bxe5 dxe5 17. f4 exf4 18. cxd4 Bxd4 19. Qd7+ Kh8 20. Nc3
Rag8 21. Rad1 Be3 22. Qh3 Qg5 23. Ne2 Rh6 24. Qf3 Qh4 0-1